| 000 | 00435nam a2200169Ia 4500 | ||
|---|---|---|---|
| 005 | 20251020182533.0 | ||
| 008 | 200515s9999 xx 000 0 und d | ||
| 082 | _a712.36/B69 | ||
| 100 | _aBOISSET, Caroline | ||
| 245 | 0 | _aJardín y arquitectura : guía completa de planificación y plantación del jardín | |
| 260 | _aBarcelona | ||
| 260 | _c1993 | ||
| 500 | _a1 ejemplar | ||
| 650 | _aJARDINES | ||
| 650 | _aLIB | ||
| 942 | _cLIB | ||
| 999 |
_c2128 _d2128 |
||